Professional's guide to domestic transfer pricing / (Record no. 97952)

MARC details
000 -LEADER
fixed length control field 00646nam a22002057a 4500
005 - DATE AND TIME OF LATEST TRANSACTION
control field 20160112111549.0
010 ## - LCCN (DPL NO)
LC control number ENG-114401
020 ## - INTERNATIONAL STANDARD BOOK NUMBER
International Standard Book Number 9789351435860
Terms of availability 695.00
035 ## - SYSTEM CONTROL NUMBER
System control number EN-97933
037 ## - SOURCE OF ACQUISITION
Source of stock number/acquisition DBAD/PUB
082 ## - DEWEY DECIMAL CLASSIFICATION NUMBER
Classification number 658.816
100 ## - MAIN ENTRY--PERSONAL NAME
Personal name Bilaney. Sunny Kishore
245 ## - TITLE STATEMENT
Title Professional's guide to domestic transfer pricing /
Statement of responsibility, etc by Sunny Kishore Bilaney
250 ## - EDITION STATEMENT
Edition statement 2nd ed
260 ## - PUBLICATION, DISTRIBUTION, ETC. (IMPRINT)
Place of publication, distribution, etc Gurgaon
Name of publisher, distributor, etc LexisNexis
Date of publication, distribution, etc 2015
270 ## - ADDRESS
Address 14th Floor, Building No.10, Tower-B, DLF Cyber City, Phase-II
City Gurgaon
Postal code 122002
300 ## - PHYSICAL DESCRIPTION
Extent xxvii,233p.
Dimensions 24cm(pbk)
500 ## - GENERAL NOTE
General note Includes index
942 ## - ADDED ENTRY ELEMENTS (KOHA)
Source of classification or shelving scheme Dewey Decimal Classification
Item type English Books
Call number suffix BIL
Classification part 658.816
Holdings
Withdrawn status Lost status Not for loan Collection code Home library Current library Date acquired Source of acquisition Cost, normal purchase price Full call number Barcode Copy number Cost, replacement price Koha item type
    Not For Loan Non-fiction D.B.Act.Division D.B.Act.Division 27/10/2015 DBAD/PUB 695.00 658.816 BIL EN-97933 1 695.00 English Books

© Delhi Public Library
Hit Counter
free hit counter